Associe le footballeur au bon pays ! #1 - Statistiques

Statistiques générales
  • Ce quiz a été pris 185 fois
  • Le résultat moyen est 14 sur 15
Statistiques - réponses
Hint Réponse % Correct
Harry Kane Angleterre
96%
Lionel Messi Argentine
96%
Xavi Espagne
96%
Paul Pogba France
96%
Gianluigi Buffon Italie
96%
Pelé Brésil
95%
Shinji Kagawa Japon
94%
Toni Kroos Allemagne
92%
Andreas Christensen Danemark
91%
Luis Figo Portugal
91%
Alphonso Davies Canada
90%
Eom Ji-sung Corée du Sud
89%
Merih Demiral Turquie
88%
Alexander Isak Suède
87%
Alexander Frei Suisse
78%
Aucun quiz correspondant
Distribution des résultats
% des personnes avec chaque résultat
Percentile par nombre de réponses
Votre historique - résultats
Vous n’avez pas pris ce quiz